LEADER 01266nas 2200409-a 450 001 9910273523403321 005 20200602150034.0 035 $a(OCoLC)3681994 035 $a(CKB)954921373665 035 $a(CONSER)---78640762- 035 $a(EXLCZ)99954921373665 100 $a20780302a19779999 --- a 101 0 $aeng 200 10$aChief executive$b[Recurso electrónico] 210 $aNew York City $cChief Executive Magazine$dc1977- 215 $av. $cill. ;$d28-31 cm 311 $a0160-4724 606 $aEconomic history$y1971-1990$vPeriodicals 606 $aEconomic history$y1990-$vPeriodicals 606 $aSocial history$y1970-$vPeriodicals 606 $aWorld politics$vPeriodicals 606 $aEconomic history$2fast$3(OCoLC)fst00901974 606 $aSocial history$2fast$3(OCoLC)fst01122498 606 $aWorld politics$2fast$3(OCoLC)fst01181381 608 $aPeriodicals.$2fast 615 0$aEconomic history 615 0$aEconomic history 615 0$aSocial history 615 0$aWorld politics 615 7$aEconomic history. 615 7$aSocial history. 615 7$aWorld politics. 676 $a330.9/04 906 $aJOURNAL 912 $a9910273523403321 996 $aChief executive$92068267 997 $aUNINA